Electronic circuits: Discrete and integrated (Record no. 160878)

MARC details
000 -LEADER
fixed length control field 00413nam a2200157Ia 4500
008 - FIXED-LENGTH DATA ELEMENTS--GENERAL INFORMATION
fixed length control field 231217s9999 xx 000 0 und d
041 ## - LANGUAGE CODE
Language code of text/sound track or separate title English
082 ## - DEWEY DECIMAL CLASSIFICATION NUMBER
Classification number 621.38153 SCH
100 ## - MAIN ENTRY--PERSONAL NAME
Personal name Schilling, Donald L etcBelove, Charles
245 #0 - TITLE STATEMENT
Title Electronic circuits: Discrete and integrated
250 ## - EDITION STATEMENT
Edition statement 3rd ed.
260 ## - PUBLICATION, DISTRIBUTION, ETC.
Date of publication, distribution, etc. 1989
Name of publisher, distributor, etc. M H B
300 ## - PHYSICAL DESCRIPTION
Extent xii+936
650 ## - SUBJECT ADDED ENTRY--TOPICAL TERM
Topical term or geographic name entry element Electronic circuits
942 ## - ADDED ENTRY ELEMENTS (KOHA)
Koha item type Books
Holdings
Date last seen Total checkouts Full call number Accession number Cost, total (INR) price Price effective from Category Lost status Damaged status Department Withdrawn status Home library Current library Entry date Vendor Cost, normal purchase price Grants Billnumber Billdate Currency symbol Conversion rate Discount Old discount
26/01/2024   621.38153 SCH 1613 200.38 26/01/2024 Books     Central Library   Central Library Central Library 20/06/1990 Sapna Book House 10.95 EC 13450 08/08/1990 USD 18.3    

© For any Suggestions or Query, please contact the library staff @ librarian@pes.edu or Phone: +9180 2672 1983/ 2108.